| 000 | 00925nam0a22002531 4500 | ||
|---|---|---|---|
| 001 | rc\1016287 | ||
| 005 | 20250622080347.0 | ||
| 035 | _a(NLR Aleph) 006181408 | ||
| 090 |
_a6069561 _c6069561 |
||
| 100 | _a20041129d1981 |||y0rusy50 ca | ||
| 101 | 0 | _arus | |
| 102 | _aRU | ||
| 105 | _ay ||||||||| | ||
| 200 | 1 |
_aМежрайонные специализированные медицинские отделения _f[В.П. Топка, И.А. Логвиненко, В.П. Головченко, А.П. Черемисин] |
|
| 210 |
_aКиев _cЗдоров'я _d1981 |
||
| 215 |
_a53 с. _d20 |
||
| 225 | 1 | _aБиблиотека передового опыта | |
| 300 | _aАвт. указаны на обороте тит. л. | ||
| 701 | 1 |
_aТопка _bВ.П. _gВладимир Прокофьевич |
|
| 801 | 0 |
_aRU _bNLR _gpsbo |
|
| 801 | 1 |
_aRU _bELAR _2rusmarc |
|
| 852 |
_aNLR _j81-4/17608 |
||
| 942 | _cBOOK | ||
| 980 | _aNB | ||